Wiedeń – quiz wielokrotnego wyboru - Statystyki

Ogólne statystyki
  • Ten quiz został rozwiązany 625 razy
    621 od ostatniego zresetowania
  • Średni wynik to 7 z 10
Statystyki odpowiedzi
Zagadnienie Odpowiedź % Poprawnych
Jaką nazwę nosi rzeka przepływa przez Wiedeń? Dunaj
97%
Wiener Schnitzel to... Panierowany, smażony na patelni kotlet cielęcy
96%
Kto próbował zdobyć Wiedeń w 1683 roku i (według legendy) pozostawił po sobie ziarna kawy? Imperium Osmańskie
93%
Jaka stolica zagraniczna leży zaledwie 50 km od Wiednia? Bratyslawa
92%
Co wydarzyło się na kongresie wiedeńskim w 1815 roku? Ustalono nowe granice europejskie po wojnach napoleońskich
91%
Jak nazywa się letnia rezydencja Habsburgów? Schönbrunn
83%
Z jakiego rodzaju muzyki słynie rodzina Straussów? Z walca
65%
Kto powiedział: „Większość ludzi tak naprawdę nie pragnie wolności, ponieważ wolność niesie za sobą odpowiedzialność, a odpowiedzialność jest dla większości ludzi przerażająca”? Sigmund Freud
50%
Który z tych obrazów został namalowany przez wiedeńskiego artystę i można go dziś oglądać w Belwederze?
46%
Która z tych osób NIE mieszkała w Wiedniu w 1913 roku? Sisi
38%
Nie znaleziono quizów pasujących do podanych kryteriów
Rozkład punktacji
Procent ludzi z każdym wynikiem
Percentyl według liczby udzielonych odpowiedzi
Twoja historia wyników
Nie rozwiązałeś tego quizu od ostatniego zresetowania